Vlastnosti a použitie konštrukčných keramických materiálov

Guardado en:
Detalles Bibliográficos
Autor principal: Kukula, Jakub (Autor)
Otros Autores: Brusilová, Alena (Orientador)
Formato: Manuscrito Libro
Lenguaje:eslovaco
Publicado: 2015
Materias:
Acceso en línea:http://is.stuba.sk/zp/portal_zp.pl?podrobnosti=99288
Etiquetas: Agregar Etiqueta
Sin Etiquetas, Sea el primero en etiquetar este registro!

MARC

LEADER 00000ntm a22000003a 4500
001 stuzp52747
003 SK-STU
005 20160719154252.1
007 ta
008 150427s2015----xo-----f-mn---000-0-slo-d
040 |a STU  |b slo 
041 0 |a slo 
100 1 |a Kukula, Jakub  |u 020050  |4 aut  |U SjF Strojnícka fakulta  |T SjF Ústav technológií a materiálov  |X 55139  |U J0050  |Y 803  |7 55139 
242 0 1 |a Properties and use of engineering ceramics  |y eng 
245 1 0 |a Vlastnosti a použitie konštrukčných keramických materiálov 
260 |c 2015 
650 4 |a štruktúra  |2 slo 
650 4 |a karbid kremíka  |2 slo 
650 4 |a karbid bóru  |2 slo 
650 4 |a mechanické vlastnosti  |2 slo 
650 4 |a nitrid kremíka  |2 slo 
650 4 |a oxid hlinitý  |2 slo 
650 4 |a oxid zirkoničitý  |2 slo 
650 4 |a karbid volfrámu  |2 slo 
650 4 |a sialon  |2 slo 
650 4 |a nitrid bóru  |2 slo 
650 4 |a structure  |2 eng 
650 4 |a silicon nitride  |2 eng 
650 4 |a sialon  |2 eng 
650 4 |a boron nitride  |2 eng 
650 4 |a aluminum oxide  |2 eng 
650 4 |a mechanical properties  |2 eng 
650 4 |a zirconium oxide  |2 eng 
650 4 |a boron carbide  |2 eng 
650 4 |a silicon carbide  |2 eng 
650 4 |a tungsten carbide  |2 eng 
700 1 |a Brusilová, Alena  |4 ths  |X 2293  |7 A000002293 
856 4 |u http://is.stuba.sk/zp/portal_zp.pl?podrobnosti=99288 
996 |b 284J043828  |c J* 2118/BP  |l JJSK  |s A  |a 24  |w stuzp52747_0001 
SQL |a stuzp52747  |b DBP  |c SLO  |d Vlastnosti a použitie konštrukčných keramických materiálov  |e 55139  |f Kukula, Jakub  |g 020050  |h 2293  |i Brusilová, Alena  |j 20150615  |k 644  |l 02  |m http://is.stuba.sk/zp/portal_zp.pl?podrobnosti=99288  |n B-STAM  |o 5.2.51. výrobné technológie